Frankenstein (Record no. 10108)

MARC details
000 -LEADER
fixed length control field 00358nam a22001457a 4500
008 - FIXED-LENGTH DATA ELEMENTS--GENERAL INFORMATION
fixed length control field 230217b |||||||| |||| 00| 0 eng d
020 ## - INTERNATIONAL STANDARD BOOK NUMBER
International Standard Book Number 9788178084695
082 ## - DEWEY DECIMAL CLASSIFICATION NUMBER
Classification number 823.7 SHE
100 ## - MAIN ENTRY--PERSONAL NAME
Personal name Shelly, Mary.
245 ## - TITLE STATEMENT
Title Frankenstein
Statement of responsibility, etc. Shelly, Mary.
260 ## - PUBLICATION, DISTRIBUTION, ETC.
Place of publication, distribution, etc. London ;
Name of publisher, distributor, etc. YORK PRESS,
Date of publication, distribution, etc. 1831.
300 ## - PHYSICAL DESCRIPTION
Extent 92 p.
Dimensions 25 cm
942 ## - Added entry Elements (Koha)
Source of classification or shelving scheme Dewey Decimal Classification
Holdings
Withdrawn status Lost status Source of classification or shelving scheme Damaged status Not for loan Collection code Home library Current library Shelving location Date acquired Inventory number Total Checkouts Full call number Barcode Date last seen Price effective from Koha item type Public note
    Dewey Decimal Classification     Fiction RTC Library RTC Library Fiction 13/12/2024 19030   823.7 SHE 30020187 13/12/2024 13/12/2024 Fiction Donated by Dr. Sunil Kumar.
Royal Thimphu College || All Right Reserved